<?xml version="1.0" encoding="UTF-8"?>
<collection xmlns="http://www.loc.gov/MARC21/slim">
 <record>
  <leader>07044nam a2200385 a 4500</leader>
  <controlfield tag="001">kal4235</controlfield>
  <controlfield tag="003">Gr-AtHEAL</controlfield>
  <controlfield tag="005">20160427140620.0</controlfield>
  <controlfield tag="006">m        d        </controlfield>
  <controlfield tag="008">160413s2015    gr      s           gre|c</controlfield>
  <datafield tag="020" ind1=" " ind2=" ">
   <subfield code="a">9789606034886</subfield>
  </datafield>
  <datafield tag="040" ind1=" " ind2=" ">
   <subfield code="a">GR-AtHEAL</subfield>
   <subfield code="b">gre</subfield>
   <subfield code="c">GR-AtHEAL</subfield>
  </datafield>
  <datafield tag="082" ind1="0" ind2="4">
   <subfield code="a">333.332</subfield>
   <subfield code="2">23</subfield>
  </datafield>
  <datafield tag="100" ind1="1" ind2=" ">
   <subfield code="a">Ζεντέλης, Παναγιώτης.</subfield>
   <subfield code="8">2505</subfield>
  </datafield>
  <datafield tag="245" ind1="1" ind2="0">
   <subfield code="a">Real estate</subfield>
   <subfield code="h">[Ηλεκτρονικός πόρος] </subfield>
   <subfield code="b">Αξία, εκτιμήσεις, ανάπτυξη, επενδύσεις, διαχείριση</subfield>
   <subfield code="c">Ζεντέλης, Παναγιώτης ; Κριτικός αναγνώστης,Λαμπρόπουλος, Αναστάσιος ; Τεχνική επιμέλεια,Λαμπρόπουλος, Αναστάσιος.</subfield>
  </datafield>
  <datafield tag="260" ind1=" " ind2=" ">
   <subfield code="a">Αθήνα :</subfield>
   <subfield code="b">Σύνδεσμος Ελληνικών Ακαδημαϊκών Βιβλιοθηκών,</subfield>
   <subfield code="c">c2015.</subfield>
  </datafield>
  <datafield tag="490" ind1=" " ind2=" ">
   <subfield code="a">Ακαδημαϊκά Ηλεκτρονικά Συγγράμματα και Βοηθήματα Κάλλιπος</subfield>
   <subfield code="8">40</subfield>
  </datafield>
  <datafield tag="505" ind1="0" ind2=" ">
   <subfield code="a">Πίνακας περιεχομένωνΠίνακας συντομεύσεων-ακρωνύμιαΕυχαριστίεςΠρόλογοςΚεφάλαιο 1: Ο χώρος και η αξία τουΚεφάλαιο 2: Νομική διάσταση του χώρου των ακινήτωνΚεφάλαιο 3: Η αξία των ακινήτωνΚεφάλαιο 4: Η διαμόρφωση της τιμής των ακινήτωνΚεφάλαιο 5: Παράγοντες που επηρεάζουν την ΑΑΑΚεφάλαιο 6: Μέθοδοι εκτίμησηςΚεφάλαιο 7: Επενδύσεις σε ΑΑΚεφάλαιο 8: Η τεχνολογία των GIS στην υπηρεσία του real estateΚεφάλαιο 9: Κτηματολόγιο, LIS και μαζικές εκτιμήσειςΚεφάλαιο 10: Παράρτημα εφαρμογώνΒιβλιογραφία/Αναφορές</subfield>
  </datafield>
  <datafield tag="520" ind1=" " ind2=" ">
   <subfield code="a">Τα θέματα τα σχετικά με τα Ακίνητα έχουν οικονομική διάσταση και πρέπει να αντιμετωπίζονται ορθολογικά, επειδή αυτό εξυπηρετεί το ατομικό και το γενικό συμφέρον. Με τη λογική αυτή έχουν περιληφθεί ως περιεχόμενα του βιβλίου τα θέματα που κρίθηκαν επίκαιρα και ενδιαφέροντα. Αρχικά δίνονται οι απαραίτητοι ορισμοί και αναφέρονται στοιχεία για την ελληνική πραγματικότητα, τη σχετική με τα Ακίνητα. Στη συνέχεια αναλύεται ο μηχανισμός διαμόρφωσης της τιμής των Ακινήτων με βάση το νόμο Ζήτησης-Προσφοράς και το πώς ο μηχανισμός αυτός επηρεάζει διακεκριμένες χαρακτηριστικές περιπτώσεις. Ακολούθως αναλύονται και ταξινομούνται οι παράγοντες που επηρεάζουν τις αξίες των Ακινήτων και αναπτύσσονται οι μέθοδοι εκτίμησης και καθορίζονται οι περιπτώσεις εφαρμογής κάθε μεθόδου. Επί πλέον γίνεται αναφορά σε θέματα που αφορούν στις επενδύσεις των Ακινήτων και ειδικότερα στις μεθόδους αξιολόγησης με χρήση αντίστοιχων δεικτών. Επίσης αναλύονται θέματα που σχετίζονται με τη διαχρονική υποτίμηση των Ακινήτων και το χρηματοδοτικό περιβάλλον. Ακολουθεί αναφορά σε θέματα της τεχνολογίας των GIS προς εξυπηρέτηση του Real Estate και αναφέρονται επίσης οι δυνατότητες της τεχνολογίας αυτής, οι επί μέρους δυνατοί χρήστες και οι προκύπτουσες ωφέλειες. Τέλος διερευνάται ο προσδιορισμός της αξίας των Ακινήτων σε διάφορα επίπεδα χώρου και γίνεται αναφορά σε στοιχεία που αφορούν στις αξίες των Ακινήτων ως μέρος του Κτηματολογίου ή ως μέρος των σύγχρονων Συστημάτων Πληροφοριών Γης. Επίσης αναπτύσσονται τα θέματα που σχετίζονται με τις μαζικές εκτιμήσεις για τις διάφορες κατηγορίες Ακινήτων και αναφέρεται ο τρόπος λειτουργίας του υπάρχοντος λογισμικού. Η γενική και ειδική γνώση των θεμάτων που πραγματεύεται το βιβλίο εξυπηρετεί εκπαιδευτικές ανάγκες και βοηθά να κατανοηθούν καλύτερα τα θέματα που σχετίζονται με την οικονομία και την ανάπτυξη της γης. Επί πλέον βοηθά στην ανάπτυξη μιας πληρέστερης σχέσης μεταξύ των εμπλεκομένων στο Real Estate και του παράγοντα Ακίνητο.</subfield>
  </datafield>
  <datafield tag="650" ind1=" " ind2="0">
   <subfield code="a">Real property</subfield>
   <subfield code="8">2702</subfield>
  </datafield>
  <datafield tag="653" ind1=" " ind2=" ">
   <subfield code="a">Διαχείριση</subfield>
  </datafield>
  <datafield tag="653" ind1=" " ind2=" ">
   <subfield code="a">Επένδυση</subfield>
  </datafield>
  <datafield tag="653" ind1=" " ind2=" ">
   <subfield code="a">Ανάπτυξη</subfield>
  </datafield>
  <datafield tag="653" ind1=" " ind2=" ">
   <subfield code="a">Εκτίμηση</subfield>
  </datafield>
  <datafield tag="653" ind1=" " ind2=" ">
   <subfield code="a">Αξία</subfield>
  </datafield>
  <datafield tag="653" ind1=" " ind2=" ">
   <subfield code="a">Ακίνητα</subfield>
  </datafield>
  <datafield tag="653" ind1=" " ind2=" ">
   <subfield code="a">Οικονομικές επιστήμες</subfield>
   <subfield code="a">Αστική, αγροτική, περιφερειακή οικονομική και οικονομική ακινήτων, και μεταφορών</subfield>
   <subfield code="a">Αγορές ακινήτων, ανάλυση παραγωγής, και έδρα της εταιρείας</subfield>
  </datafield>
  <datafield tag="653" ind1=" " ind2=" ">
   <subfield code="a">Τεχνολογία και επιστήμες μηχανικών</subfield>
   <subfield code="a">Επιστήμες αγρονόμου-τοπογράφου μηχανικού</subfield>
  </datafield>
  <datafield tag="653" ind1=" " ind2=" ">
   <subfield code="a">Τεχνολογία και επιστήμες μηχανικών</subfield>
   <subfield code="a">Χωροταξία/περιφερειακός σχεδιασμός - πολεοδομία/Αστικός σχεδιασμός</subfield>
   <subfield code="a">Αγοράς γης και ακινήτων</subfield>
  </datafield>
  <datafield tag="700" ind1="1" ind2=" ">
   <subfield code="a">Λαμπρόπουλος, Αναστάσιος</subfield>
   <subfield code="e">Κριτικός αναγνώστης</subfield>
   <subfield code="8">2506</subfield>
  </datafield>
  <datafield tag="856" ind1="4" ind2="0">
   <subfield code="u">http://hdl.handle.net/11419/4235</subfield>
   <subfield code="z">Πλήρες Κείμενο - Full text</subfield>
  </datafield>
  <datafield tag="907" ind1=" " ind2=" ">
   <subfield code="a">.b25678759</subfield>
   <subfield code="b">12-06-18</subfield>
   <subfield code="c">29-07-16</subfield>
  </datafield>
  <datafield tag="949" ind1=" " ind2=" ">
   <subfield code="0">0</subfield>
   <subfield code="1">0</subfield>
   <subfield code="2">ddc</subfield>
   <subfield code="4">0</subfield>
   <subfield code="6">333_332000000000000_ΖΕΝ</subfield>
   <subfield code="7">0</subfield>
   <subfield code="8">KALL</subfield>
   <subfield code="8">634</subfield>
   <subfield code="d">2016-04-13</subfield>
   <subfield code="r">2016-04-13</subfield>
   <subfield code="w">2016-04-13</subfield>
   <subfield code="z">333.332 ΖΕΝ</subfield>
   <subfield code="o">SEAB KALLIPOS</subfield>
  </datafield>
  <datafield tag="998" ind1=" " ind2=" ">
   <subfield code="a">80</subfield>
   <subfield code="a">01</subfield>
   <subfield code="a">02</subfield>
   <subfield code="a">03</subfield>
   <subfield code="a">04</subfield>
   <subfield code="a">05</subfield>
   <subfield code="a">06</subfield>
   <subfield code="a">07</subfield>
   <subfield code="a">08</subfield>
   <subfield code="a">09</subfield>
   <subfield code="a">10</subfield>
   <subfield code="a">11</subfield>
   <subfield code="a">12</subfield>
   <subfield code="a">13</subfield>
   <subfield code="a">14</subfield>
   <subfield code="a">15</subfield>
   <subfield code="a">16</subfield>
   <subfield code="a">17</subfield>
   <subfield code="a">18</subfield>
   <subfield code="a">19</subfield>
   <subfield code="a">20</subfield>
   <subfield code="a">21</subfield>
   <subfield code="a">22</subfield>
   <subfield code="a">23</subfield>
   <subfield code="a">24</subfield>
   <subfield code="a">25</subfield>
   <subfield code="a">26</subfield>
   <subfield code="b">12-05-17</subfield>
   <subfield code="c">m</subfield>
   <subfield code="d">z  </subfield>
   <subfield code="e">-</subfield>
   <subfield code="f">gre</subfield>
   <subfield code="g">gr </subfield>
   <subfield code="h">0</subfield>
  </datafield>
  <datafield tag="942" ind1=" " ind2=" ">
   <subfield code="2">ddc</subfield>
   <subfield code="c">KALLIPOS</subfield>
  </datafield>
 </record>
</collection>
